000 00689cam a22002531 4500
999 _c20297
_d20297
001 7489912
003 BDDh-ASL
005 20231015025853.0
008 820524s1947 pk a 000 0 eng
010 _a 60019489
035 _a(OCoLC)8456493
040 _aDLC
_cTNJ
_dTNJ
_dDLC
_dBDDh-ASL
042 _apremarc
050 0 0 _aBP161
_b.K44 1947
082 _a297.2
_bMOG
100 1 _aKhan, Mohammed Yamin.
245 1 0 _aGod, soul and universe in science and Islam/
250 _a[2d ed.]
260 _aLahore:
_bMuhammad Ashraf,
_c[1947]
300 _avii, 140 p.
_billus.
_c19 cm.
650 0 _aIslam.
906 _a7
_bcbc
_coclcrpl
_du
_encip
_f19
_gy-gencatlg
942 _2ddc
_cBK